[Event "Madrid ch Veteranos 2018-2019"]
[Site "Madrid ESP"]
[Date "2019.01.10"]
[Round "4.22"]
[White "Tudela Garcia, Antonio"]
[Black "Martinez Pintor, Juan"]
[Result "1-0"]
[WhiteElo "1568"]
[BlackElo "1628"]
[PlyCount "57"]
[EventDate "2019.01.07"]
[EventType "swiss"]
[EventRounds "9"]
[EventCountry "ESP"]
[SourceTitle "Ajedrez en Madrid"]
[Source "lmi"]
[SourceDate "2019.01.07"]
[SourceVersion "1"]
[SourceVersionDate "2019.01.22"]
[SourceQuality "1"]

1. e4 e6 2. Qe2 b6 3. Nf3 Bb7 4. d3 d5 5. g3 c5 6. Bg2 Nf6 7. exd5 Nxd5 8. O-O
Be7 9. Nbd2 Nd7 10. Ne4 N7f6 11. Neg5 h6 12. Nxf7 Kxf7 13. Ne5+ Ke8 14. c4 Nc3
15. bxc3 Bxg2 16. Kxg2 g5 17. d4 cxd4 18. Qd3 Rh7 19. cxd4 Kf8 20. f4 Bd6 21.
Ng6+ Kg8 22. fxg5 hxg5 23. Qe2 Kg7 24. Ne5 Qh8 25. Rh1 Rh5 26. Qd3 Bxe5 27.
dxe5 Ng4 28. Qd7+ Kf8 29. Ba3+ 1-0

[Event "Madrid ch Veteranos 2018-2019"]
[Site "Madrid ESP"]
[Date "2019.01.10"]
[Round "4.23"]
[White "Ortega Molina, Tomas"]
[Black "Perez Ramos, Miguel Angel"]
[Result "1-0"]
[WhiteElo "1623"]
[BlackElo "1131"]
[PlyCount "71"]
[EventDate "2019.01.07"]
[EventType "swiss"]
[EventRounds "9"]
[EventCountry "ESP"]
[SourceTitle "Ajedrez en Madrid"]
[Source "lmi"]
[SourceDate "2019.01.07"]
[SourceVersion "1"]
[SourceVersionDate "2019.01.22"]
[SourceQuality "1"]

1. c4 Nf6 2. Nc3 e5 3. g3 Bc5 4. d3 h6 5. Bg2 c6 6. e4 d6 7. Nge2 Bd4 8. Nxd4
exd4 9. Ne2 Nbd7 10. Nxd4 Ne5 11. O-O c5 12. Nf5 Bxf5 13. exf5 Qd7 14. f4 Nc6
15. Re1+ Ne7 16. Qe2 Rf8 17. g4 Kd8 18. g5 Nfg8 19. f6 gxf6 20. gxh6 Nxh6 21.
Bd2 Rb8 22. Bc3 Nhg8 23. Rad1 Re8 24. Qh5 Nf5 25. Rxe8+ Kxe8 26. Re1+ Kd8 27.
Bh3 Nge7 28. Bxf6 Kc7 29. Rxe7 Nxe7 30. Bxd7 Kxd7 31. Qxf7 Re8 32. Bxe7 Rxe7
33. Qd5 Re1+ 34. Kf2 Re7 35. Qxb7+ Ke6 36. Qd5+ 1-0

[Event "Madrid ch Veteranos 2018-2019"]
[Site "Madrid ESP"]
[Date "2019.01.10"]
[Round "4.24"]
[White "Ramos Antona, Enrique"]
[Black "Rodriguez Bachiller, Luis"]
[Result "0-1"]
[WhiteElo "1561"]
[BlackElo "1613"]
[PlyCount "42"]
[EventDate "2019.01.07"]
[EventType "swiss"]
[EventRounds "9"]
[EventCountry "ESP"]
[SourceTitle "Ajedrez en Madrid"]
[Source "lmi"]
[SourceDate "2019.01.07"]
[SourceVersion "1"]
[SourceVersionDate "2019.01.22"]
[SourceQuality "1"]

1. Nf3 c5 2. g3 d5 3. Bg2 Nf6 4. O-O Nc6 5. b3 e5 6. Bb2 e4 7. Ne1 Be7 8. d3
O-O 9. Nc3 d4 10. Nxe4 Nxe4 11. dxe4 Qb6 12. Nd3 a5 13. c3 Rd8 14. Qc2 Bf6 15.
c4 Nb4 16. Nxb4 axb4 17. Bc1 d3 18. Qb1 dxe2 19. Re1 Bxa1 20. Rxe2 Rd1+ 21. Bf1
Bh3 0-1

[Event "Madrid ch Veteranos 2018-2019"]
[Site "Madrid ESP"]
[Date "2019.01.10"]
[Round "4.26"]
[White "Yela Garcia, Carlos"]
[Black "Martinez Carrasco, Jesus"]
[Result "1/2-1/2"]
[WhiteElo "1546"]
[BlackElo "1601"]
[PlyCount "34"]
[EventDate "2019.01.07"]
[EventType "swiss"]
[EventRounds "9"]
[EventCountry "ESP"]
[SourceTitle "Ajedrez en Madrid"]
[Source "lmi"]
[SourceDate "2019.01.07"]
[SourceVersion "1"]
[SourceVersionDate "2019.01.22"]
[SourceQuality "1"]

1. e4 c5 2. Nf3 d6 3. c3 Nf6 4. Be2 Nc6 5. d4 cxd4 6. cxd4 e6 7. Nc3 a6 8. O-O
Be7 9. d5 exd5 10. exd5 Nb8 11. Be3 b5 12. a3 Nbd7 13. Nd4 Ne5 14. h3 Bd7 15.
b3 O-O 16. Nf3 Nxf3+ 17. Bxf3 Rc8 1/2-1/2

[Event "Madrid ch Veteranos 2018-2019"]
[Site "Madrid ESP"]
[Date "2019.01.10"]
[Round "4.27"]
[White "Martin Rodriguez, Jose Luis"]
[Black "Prieto Gonzalez, Cesar"]
[Result "0-1"]
[WhiteElo "1285"]
[BlackElo "1505"]
[PlyCount "34"]
[EventDate "2019.01.07"]
[EventType "swiss"]
[EventRounds "9"]
[EventCountry "ESP"]
[SourceTitle "Ajedrez en Madrid"]
[Source "lmi"]
[SourceDate "2019.01.07"]
[SourceVersion "1"]
[SourceVersionDate "2019.01.22"]
[SourceQuality "1"]

1. c4 d6 2. Nc3 Nf6 3. Nf3 e5 4. d3 Nbd7 5. g3 c6 6. Bg2 Qc7 7. O-O Be7 8. Bd2
Nf8 9. b4 Ng6 10. Rb1 Bf5 11. Ng5 Qd7 12. b5 h6 13. bxc6 bxc6 14. Rb7 Qxb7 15.
Qb3 Qxb3 16. Bxc6+ Bd7 17. Bxd7+ Nxd7 0-1

[Event "Madrid ch Veteranos 2018-2019"]
[Site "Madrid ESP"]
[Date "2019.01.10"]
[Round "4.28"]
[White "Villodre Miranda, Juan Alonso"]
[Black "Garcia Lafuente, Luis"]
[Result "1-0"]
[WhiteElo "1594"]
[BlackElo "1556"]
[PlyCount "60"]
[EventDate "2019.01.07"]
[EventType "swiss"]
[EventRounds "9"]
[EventCountry "ESP"]
[SourceTitle "Ajedrez en Madrid"]
[Source "lmi"]
[SourceDate "2019.01.07"]
[SourceVersion "1"]
[SourceVersionDate "2019.01.22"]
[SourceQuality "1"]

1. c4 Nf6 2. Nc3 d6 3. h3 c6 4. e4 e5 5. g3 Be6 6. d3 Nbd7 7. Bg2 Be7 8. Nge2
Nb6 9. f4 Bd7 10. f5 c5 11. O-O g5 12. Bxg5 Rg8 13. Bxf6 Bxf6 14. Nd5 Nxd5 15.
cxd5 Ke7 16. g4 h5 17. Bf3 Rg5 18. Ng3 hxg4 19. Bxg4 Qh8 20. Kh2 Rag8 21. Nh5
Bb5 22. Qf3 Qh6 23. Rg1 Rh8 24. Nxf6 Kxf6 25. Rg3 Qh4 26. b3 a5 27. a4 Bd7 28.
Rag1 Rhg8 29. Qe3 Rxg4 30. Rxg4 Rxg4 1-0

[Event "Madrid ch Veteranos 2018-2019"]
[Site "Madrid ESP"]
[Date "2019.01.10"]
[Round "4.29"]
[White "Sierra Garcia, Ricardo"]
[Black "Abad Martin-Camuñas, Luis"]
[Result "0-1"]
[WhiteElo "1394"]
[BlackElo "1369"]
[PlyCount "88"]
[EventDate "2019.01.07"]
[EventType "swiss"]
[EventRounds "9"]
[EventCountry "ESP"]
[SourceTitle "Ajedrez en Madrid"]
[Source "lmi"]
[SourceDate "2019.01.07"]
[SourceVersion "1"]
[SourceVersionDate "2019.01.22"]
[SourceQuality "1"]

1. e4 e6 2. d4 d5 3. Nd2 dxe4 4. Nxe4 Nd7 5. Nf3 Ngf6 6. Bd3 Be7 7. O-O O-O 8.
h3 b6 9. Re1 Bb7 10. c4 c5 11. Ng3 cxd4 12. Be4 Nxe4 13. Nxe4 Nf6 14. Ned2 Ne8
15. Nb3 Bxf3 16. Qxf3 Rc8 17. Qd3 Bf6 18. Bf4 g5 19. Bg3 Ng7 20. Re4 Nf5 21.
Bh2 h5 22. Rd1 Re8 23. Be5 Bxe5 24. Rxe5 Qd6 25. Re4 e5 26. Qf3 Ng7 27. Nd2 f6
28. b3 Kf7 29. Nf1 Kg6 30. Ne3 f5 31. Nxf5 Nxf5 32. Qd3 Kh6 33. Qf3 Kg6 34. g4
hxg4 35. hxg4 Nh4 36. Qd3 Kh6 37. Qg3 Re7 38. Rdxd4 Qf6 39. Rd3 Rf8 40. f4 exf4
41. Qe1 Rxe4 42. Qxe4 Qg6 43. Qe7 Re8 44. Rd6 Rxe7 0-1

[Event "Madrid ch Veteranos 2018-2019"]
[Site "Madrid ESP"]
[Date "2019.01.10"]
[Round "4.30"]
[White "Suarez Mencia, Roberto"]
[Black "Perales Hernandez, Manuel"]
[Result "0-1"]
[WhiteElo "1392"]
[BlackElo "1333"]
[PlyCount "98"]
[EventDate "2019.01.07"]
[EventType "swiss"]
[EventRounds "9"]
[EventCountry "ESP"]
[SourceTitle "Ajedrez en Madrid"]
[Source "lmi"]
[SourceDate "2019.01.07"]
[SourceVersion "1"]
[SourceVersionDate "2019.01.22"]
[SourceQuality "1"]

1. c4 c5 2. g3 e6 3. Bg2 Qb6 4. e3 Nf6 5. Ne2 Nc6 6. Nbc3 Nb4 7. d4 d6 8. O-O
Bd7 9. a3 Nc6 10. d5 Na5 11. b3 e5 12. Rb1 Bf5 13. Rb2 Be7 14. e4 Bg4 15. f3
Bh5 16. Bg5 Nxc4 17. Ra2 Na5 18. Kh1 Nxb3 19. Rb2 c4 20. f4 Ng4 21. Qe1 f6 22.
h3 Ne3 23. Rf2 fxg5 24. fxg5 Bxg5 25. g4 Bh4 26. gxh5 Bxf2 27. Qxf2 Rf8 28. Qg3
Rf7 29. Na4 Qa6 30. Nec3 Nxg2 31. Rxg2 O-O-O 32. Qg4+ Kb8 33. Qe6 Rdd7 34. h6
Rde7 35. Rxg7 Rxg7 36. hxg7 Rxg7 37. Qf6 Rd7 38. Nb2 Qxa3 39. Nxc4 Qa1+ 40. Kg2
Qxc3 41. Nxd6 Qd2+ 42. Kh1 Qe1+ 43. Kg2 Qe2+ 44. Kh1 Nd4 45. Ne8 Qf3+ 46. Kh2
Qxf6 47. Nxf6 Rf7 48. Ng4 a5 49. Nxe5 Re7 0-1

[Event "Madrid ch Veteranos 2018-2019"]
[Site "Madrid ESP"]
[Date "2019.01.11"]
[Round "5.1"]
[White "Elissalt Cardenas, Hector"]
[Black "Lopez de Turiso, Jose Angel"]
[Result "1-0"]
[WhiteElo "2303"]
[BlackElo "1950"]
[PlyCount "123"]
[EventDate "2019.01.07"]
[EventType "swiss"]
[EventRounds "9"]
[EventCountry "ESP"]
[SourceTitle "Ajedrez en Madrid"]
[Source "lmi"]
[SourceDate "2019.01.07"]
[SourceVersion "1"]
[SourceVersionDate "2019.01.22"]
[SourceQuality "1"]

1. d4 Nf6 2. Nf3 e6 3. Bf4 d5 4. e3 c5 5. c3 Nc6 6. Nbd2 cxd4 7. exd4 Nh5 8.
Bg5 f6 9. Be3 Bd6 10. g3 g6 11. Be2 Bd7 12. Nh4 Ng7 13. O-O Qe7 14. c4 g5 15.
Ng2 h5 16. h4 O-O-O 17. c5 Bxc5 18. dxc5 d4 19. Bxg5 fxg5 20. Nf3 Qxc5 21. Rc1
Qb6 22. Qxd4 Qxd4 23. Nxd4 g4 24. Bb5 Kc7 25. Rfe1 Kb6 26. Bxc6 Bxc6 27. Nxc6
bxc6 28. Re3 Rd6 29. Nf4 Rhd8 30. Rce1 Rd1 31. Kf1 Rxe1+ 32. Kxe1 Rd6 33. Re5
c5 34. Nxh5 Nf5 35. Nf6 Nd4 36. Re4 Nf3+ 37. Ke2 Rd2+ 38. Ke3 Rxb2 39. Nxg4 Nd4
40. h5 Rxa2 41. h6 Ra3+ 42. Kf4 Rf3+ 43. Kg5 Rf8 44. h7 a5 45. Kg6 a4 46. Kg7
Ra8 47. h8=Q Rxh8 48. Kxh8 a3 49. Re3 Nc2 50. Rxe6+ Kb5 51. Re8 a2 52. Ra8
a1=Q+ 53. Rxa1 Nxa1 54. Ne5 Nc2 55. g4 Nd4 56. f4 Ne6 57. f5 Ng5 58. f6 c4 59.
Nxc4 Kxc4 60. Kg8 Kd5 61. f7 Ne6 62. g5 1-0

[Event "Madrid ch Veteranos 2018-2019"]
[Site "Madrid ESP"]
[Date "2019.01.11"]
[Round "5.2"]
[White "Garcia Martin, Esteban"]
[Black "Martin Martin, Luis Vicente"]
[Result "0-1"]
[WhiteElo "1856"]
[BlackElo "1981"]
[PlyCount "86"]
[EventDate "2019.01.07"]
[EventType "swiss"]
[EventRounds "9"]
[EventCountry "ESP"]
[SourceTitle "Ajedrez en Madrid"]
[Source "lmi"]
[SourceDate "2019.01.07"]
[SourceVersion "1"]
[SourceVersionDate "2019.01.22"]
[SourceQuality "1"]

1. c4 e5 2. Nc3 Nf6 3. g3 d5 4. cxd5 Nxd5 5. Bg2 Nb6 6. Nf3 Nc6 7. O-O Be7 8.
a3 O-O 9. b4 Be6 10. d3 f5 11. Bb2 Bf6 12. Nd2 Nd5 13. Na4 b6 14. e4 Nde7 15.
b5 Nd4 16. Bxd4 Qxd4 17. exf5 Bxf5 18. Qb3+ Kh8 19. Ne4 Rad8 20. Rad1 c5 21.
Nac3 Qd7 22. a4 Be6 23. Qb2 Nd5 24. Nxf6 gxf6 25. Ne4 Nb4 26. Nxf6 Rxf6 27.
Qxe5 Qg7 28. Rfe1 Bb3 29. Rd2 Re6 30. Qxg7+ Kxg7 31. Rxe6 Bxe6 32. Re2 Kf6 33.
Be4 h6 34. f4 Nxd3 35. Kg2 Bd5 36. Kf3 c4 37. g4 Nc5 38. Bxd5 Rxd5 39. h4 Rd3+
40. Kf2 c3 41. Ke1 Rd4 42. g5+ hxg5 43. fxg5+ Kg6 0-1

[Event "Madrid ch Veteranos 2018-2019"]
[Site "Madrid ESP"]
[Date "2019.01.11"]
[Round "5.3"]
[White "Cabañas Bravo, Juan Andres"]
[Black "Pastor Alonso De Prado, Alberto"]
[Result "1-0"]
[WhiteElo "1965"]
[BlackElo "2147"]
[PlyCount "99"]
[EventDate "2019.01.07"]
[EventType "swiss"]
[EventRounds "9"]
[EventCountry "ESP"]
[SourceTitle "Ajedrez en Madrid"]
[Source "lmi"]
[SourceDate "2019.01.07"]
[SourceVersion "1"]
[SourceVersionDate "2019.01.22"]
[SourceQuality "1"]

1. Nf3 g6 2. e4 Bg7 3. Bc4 d6 4. d4 Nf6 5. e5 dxe5 6. Nxe5 O-O 7. c3 Nd5 8. O-O
c6 9. Qb3 b5 10. Bxd5 Qxd5 11. Qxd5 cxd5 12. Re1 f6 13. Nd3 Nc6 14. Bf4 Re8 15.
Na3 a6 16. Nc2 e5 17. Ncb4 Nxb4 18. Nxb4 Bb7 19. Be3 e4 20. a4 a5 21. Nc2 Bc6
22. axb5 Bxb5 23. Bf4 Bc4 24. Bc7 a4 25. Nb4 Bf8 26. Bb6 Rec8 27. g4 Bb3 28. f3
exf3 29. Re6 a3 30. Rxa3 Rxa3 31. bxa3 Rxc3 32. Kf2 Bh6 33. Bc5 Bg5 34. Kg3 f5
35. gxf5 Kf7 36. Nc6 gxf5 37. Rd6 h5 38. Ne5+ Ke8 39. Re6+ Kd8 40. Nf7+ Kd7 41.
Rd6+ Kc7 42. Nxg5 h4+ 43. Kf2 Bd1 44. Ne6+ Kb7 45. Rb6+ Kc8 46. Rb2 Kd7 47. Nf4
Bb3 48. Ng6 h3 49. Ne5+ Ke6 50. Bb4 1-0

[Event "Madrid ch Veteranos 2018-2019"]
[Site "Madrid ESP"]
[Date "2019.01.11"]
[Round "5.4"]
[White "Sotoca Aguado, Jose"]
[Black "Sanchez Garcia, Aurelio"]
[Result "0-1"]
[WhiteElo "1881"]
[BlackElo "2058"]
[PlyCount "92"]
[EventDate "2019.01.07"]
[EventType "swiss"]
[EventRounds "9"]
[EventCountry "ESP"]
[SourceTitle "Ajedrez en Madrid"]
[Source "lmi"]
[SourceDate "2019.01.07"]
[SourceVersion "1"]
[SourceVersionDate "2019.01.22"]
[SourceQuality "1"]

1. e4 g6 2. d4 Bg7 3. Nf3 c5 4. c3 cxd4 5. cxd4 d5 6. e5 Nc6 7. Nc3 Bg4 8. Be2
Nh6 9. h3 Bxf3 10. Bxf3 e6 11. g4 O-O 12. Be3 f6 13. exf6 Qxf6 14. g5 Qxf3 15.
Qxf3 Rxf3 16. gxh6 Bxd4 17. Ke2 Rf5 18. Nb5 Bxe3 19. fxe3 Raf8 20. Rh2 Re5 21.
Rd1 a6 22. Nd4 Nxd4+ 23. Rxd4 Rh5 24. Rb4 Rf7 25. Rb6 Re7 26. Kd3 Rxh6 27. Kd4
Rh4+ 28. Ke5 Re4+ 29. Kd6 Rf7 30. Rb3 Kg7 31. h4 h6 32. Rc3 g5 33. hxg5 hxg5
34. Rg2 Kg6 35. Rc8 Rg7 36. Rg3 g4 37. Rh8 Kg5 38. a3 d4 39. exd4 Kf4 40. Rg1
g3 41. Rf8+ Kg4 42. Rf6 Rxd4+ 43. Kxe6 Rf4 44. Rh6 Rf2 45. b4 g2 46. Rf6 Kg3
0-1

[Event "Madrid ch Veteranos 2018-2019"]
[Site "Madrid ESP"]
[Date "2019.01.11"]
[Round "5.5"]
[White "Viñas Lopez, Carlos"]
[Black "Martin Rodriguez, Emilio"]
[Result "1/2-1/2"]
[WhiteElo "1879"]
[BlackElo "2028"]
[PlyCount "92"]
[EventDate "2019.01.07"]
[EventType "swiss"]
[EventRounds "9"]
[EventCountry "ESP"]
[SourceTitle "Ajedrez en Madrid"]
[Source "lmi"]
[SourceDate "2019.01.07"]
[SourceVersion "1"]
[SourceVersionDate "2019.01.22"]
[SourceQuality "1"]

1. d4 d5 2. Bf4 Nf6 3. e3 g6 4. Nf3 Bg7 5. c4 c6 6. Nc3 O-O 7. Rc1 Ne4 8. cxd5
cxd5 9. Qb3 Nxc3 10. Rxc3 Nc6 11. Be2 f6 12. O-O e6 13. h3 Rf7 14. Rd1 Bf8 15.
Ne1 e5 16. dxe5 fxe5 17. Rxd5 Qe7 18. Bg3 Be6 19. Bc4 Bxd5 20. Bxd5 Rd8 21.
Bxf7+ Qxf7 22. Qxf7+ Kxf7 23. Rd3 Rxd3 24. Nxd3 e4 25. Ne5+ Ke6 26. Nxc6 bxc6
27. Kf1 Kd5 28. Ke2 Bg7 29. b3 c5 30. Kd2 Bf6 31. f3 Bd8 32. Kc2 Bf6 33. Be1
Bg5 34. f4 Bd8 35. g4 Bb6 36. Bc3 Bd8 37. Kd2 Bc7 38. Ke2 Bd8 39. Kf2 Bc7 40.
h4 Ke6 41. Bg7 Kf7 42. Bb2 Ke6 43. Ba3 Bb6 44. Ke2 Kd5 45. Kd2 Ba5+ 46. Kc2 h5
1/2-1/2

[Event "Madrid ch Veteranos 2018-2019"]
[Site "Madrid ESP"]
[Date "2019.01.11"]
[Round "5.6"]
[White "Minguela Muñoz, Bienvenido"]
[Black "Gonzalez Rivera, Eduardo"]
[Result "0-1"]
[WhiteElo "1802"]
[BlackElo "2025"]
[PlyCount "102"]
[EventDate "2019.01.07"]
[EventType "swiss"]
[EventRounds "9"]
[EventCountry "ESP"]
[SourceTitle "Ajedrez en Madrid"]
[Source "lmi"]
[SourceDate "2019.01.07"]
[SourceVersion "1"]
[SourceVersionDate "2019.01.22"]
[SourceQuality "1"]

1. Nf3 d5 2. d4 Nf6 3. c4 c6 4. Nc3 a6 5. Qb3 dxc4 6. Qxc4 b5 7. Qb3 e6 8. e4
b4 9. e5 bxc3 10. exf6 cxb2 11. Qxb2 gxf6 12. Bf4 Bd6 13. Bh6 Qa5+ 14. Bd2 Qd5
15. Bd3 a5 16. Qc2 Ba6 17. O-O Bxd3 18. Qxd3 Nd7 19. Rfe1 Ne5 20. Nxe5 fxe5 21.
Re4 f5 22. Rh4 Be7 23. Rh5 Qxd4 24. Qxd4 exd4 25. Rb1 Bb4 26. Bf4 O-O-O 27. Be5
Rhe8 28. Rxh7 Rd7 29. Rxd7 Kxd7 30. a3 Bxa3 31. Rb7+ Kd8 32. Rb8+ Ke7 33. Rb7+
Kf8 34. Rd7 c5 35. h4 c4 36. Rxd4 Rc8 37. Rd2 c3 38. Rc2 Bb4 39. h5 Kf7 40. Kf1
Rc5 41. f4 Kg8 42. Ke2 Kh7 43. Kd3 Kh6 44. Re2 Kxh5 45. Kc2 Kg4 46. Re3 Rd5 47.
Bxc3 Rc5 48. Rxe6 Rxc3+ 49. Kb2 Kxf4 50. Re2 Rd3 51. Rf2+ Kg4 0-1

[Event "Madrid ch Veteranos 2018-2019"]
[Site "Madrid ESP"]
[Date "2019.01.11"]
[Round "5.7"]
[White "Garcia Galeote, Lorenzo"]
[Black "Esteban Amo, Jose M"]
[Result "0-1"]
[WhiteElo "1895"]
[BlackElo "1888"]
[PlyCount "82"]
[EventDate "2019.01.07"]
[EventType "swiss"]
[EventRounds "9"]
[EventCountry "ESP"]
[SourceTitle "Ajedrez en Madrid"]
[Source "lmi"]
[SourceDate "2019.01.07"]
[SourceVersion "1"]
[SourceVersionDate "2019.01.22"]
[SourceQuality "1"]

1. d4 f5 2. Nf3 Nf6 3. h3 d6 4. Bf4 g6 5. Nc3 Bg7 6. Qd2 O-O 7. Bh6 c5 8. Bxg7
Kxg7 9. O-O-O cxd4 10. Qxd4 Nc6 11. Qh4 Qb6 12. Nd5 Nxd5 13. Rxd5 Be6 14. e4
Bxd5 15. exd5 Qb4 16. dxc6 Qxh4 17. Nxh4 bxc6 18. f4 e5 19. fxe5 dxe5 20. Nf3
Kf6 21. Ba6 Rad8 22. Rd1 g5 23. b4 h5 24. c3 g4 25. hxg4 hxg4 26. Nd2 Rh8 27.
Bb7 e4 28. Nc4 Rxd1+ 29. Kxd1 Rh2 30. Ne3 Kg5 31. Bxc6 f4 32. Bxe4 fxe3 33. Ke2
Kf4 34. Bd5 g3 35. c4 Rh1 36. c5 Rb1 37. Bf3 Rxb4 38. Kd3 Rb1 39. Kc2 Rb5 40.
c6 e2 41. Kd2 Rb2+ 0-1

[Event "Madrid ch Veteranos 2018-2019"]
[Site "Madrid ESP"]
[Date "2019.01.11"]
[Round "5.9"]
[White "Fernandez Garcia, Ignacio"]
[Black "Gil Sierra, Jacinto"]
[Result "0-1"]
[WhiteElo "1769"]
[BlackElo "1914"]
[PlyCount "54"]
[EventDate "2019.01.07"]
[EventType "swiss"]
[EventRounds "9"]
[EventCountry "ESP"]
[SourceTitle "Ajedrez en Madrid"]
[Source "lmi"]
[SourceDate "2019.01.07"]
[SourceVersion "1"]
[SourceVersionDate "2019.01.22"]
[SourceQuality "1"]

1. e4 c5 2. c3 Nf6 3. e5 Nd5 4. d4 Nc6 5. dxc5 e6 6. Bc4 Nde7 7. Nf3 Ng6 8. Qe2
Qc7 9. b4 Ncxe5 10. Bb3 Nxf3+ 11. Qxf3 Qe5+ 12. Be3 a5 13. O-O axb4 14. Bd4 Qf4
15. Qe3 Qxe3 16. Bxe3 bxc3 17. Nxc3 d5 18. Nb5 Ra5 19. a4 Bd7 20. Bd2 Bxb5 21.
axb5 Rxa1 22. Rxa1 Bxc5 23. b6 O-O 24. Ra7 Rb8 25. Ba5 Ne5 26. Kf1 Nc6 27. Bd2
Nxa7 0-1

[Event "Madrid ch Veteranos 2018-2019"]
[Site "Madrid ESP"]
[Date "2019.01.11"]
[Round "5.10"]
[White "Garcia Diez, Mariano"]
[Black "Marcos Herrero, Francisco"]
[Result "1-0"]
[WhiteElo "1887"]
[BlackElo "1855"]
[PlyCount "79"]
[EventDate "2019.01.07"]
[EventType "swiss"]
[EventRounds "9"]
[EventCountry "ESP"]
[SourceTitle "Ajedrez en Madrid"]
[Source "lmi"]
[SourceDate "2019.01.07"]
[SourceVersion "1"]
[SourceVersionDate "2019.01.22"]
[SourceQuality "1"]

1. e4 c5 2. Nf3 Nc6 3. d3 g6 4. g3 Bg7 5. Bg2 d6 6. O-O Nf6 7. Re1 e5 8. c3 O-O
9. a4 Rb8 10. Bg5 h6 11. Be3 a6 12. Na3 Be6 13. Qc2 b5 14. d4 b4 15. Nb1 exd4
16. cxd4 Nxd4 17. Nxd4 cxd4 18. Bxd4 Qa5 19. b3 Qh5 20. Qb2 Ne8 21. Nd2 Bxd4
22. Qxd4 Qe5 23. Nf3 Qxd4 24. Nxd4 Bd7 25. Bf1 Nf6 26. Bxa6 Rfe8 27. f3 d5 28.
e5 Nh7 29. Bb5 Nf8 30. Rac1 Rbc8 31. Nc6 Ne6 32. Nxb4 Bxb5 33. axb5 Nd4 34.
Rxc8 Rxc8 35. Re3 Nf5 36. Rd3 Ne7 37. Nxd5 Kf8 38. Nf6 Rc7 39. Rd8+ Kg7 40.
Ne8+ 1-0

[Event "Madrid ch Veteranos 2018-2019"]
[Site "Madrid ESP"]
[Date "2019.01.11"]
[Round "5.11"]
[White "Lopez Heras, Arturo"]
[Black "Rueda Maria, Ramiro"]
[Result "1/2-1/2"]
[WhiteElo "1858"]
[BlackElo "1819"]
[PlyCount "51"]
[EventDate "2019.01.07"]
[EventType "swiss"]
[EventRounds "9"]
[EventCountry "ESP"]
[SourceTitle "Ajedrez en Madrid"]
[Source "lmi"]
[SourceDate "2019.01.07"]
[SourceVersion "1"]
[SourceVersionDate "2019.01.22"]
[SourceQuality "1"]

1. e4 e5 2. Nf3 Nf6 3. Nxe5 d6 4. Nf3 Nxe4 5. d4 d5 6. Bd3 Bd6 7. O-O O-O 8. c4
c6 9. Qc2 Nf6 10. Nc3 h6 11. cxd5 Nxd5 12. Ne4 Nb4 13. Qc3 Nxd3 14. Qxd3 Bf5
15. Re1 Nd7 16. Qc3 Nf6 17. Nxd6 Qxd6 18. Ne5 Rad8 19. Be3 Nd5 20. Qb3 Nxe3 21.
fxe3 Be4 22. Rf1 Qd5 23. Qxd5 Rxd5 24. Rf4 f5 25. Rc1 Re8 26. Rf2 1/2-1/2

[Event "Madrid ch Veteranos 2018-2019"]
[Site "Madrid ESP"]
[Date "2019.01.11"]
[Round "5.12"]
[White "Hernandez Garcia, Carlos"]
[Black "Sanchez Peral, Pedro"]
[Result "0-1"]
[WhiteElo "1733"]
[BlackElo "1873"]
[PlyCount "78"]
[EventDate "2019.01.07"]
[EventType "swiss"]
[EventRounds "9"]
[EventCountry "ESP"]
[SourceTitle "Ajedrez en Madrid"]
[Source "lmi"]
[SourceDate "2019.01.07"]
[SourceVersion "1"]
[SourceVersionDate "2019.01.22"]
[SourceQuality "1"]

1. e4 d5 2. exd5 Nf6 3. d4 Bg4 4. f3 Bf5 5. Bb5+ Nbd7 6. c4 a6 7. Bxd7+ Qxd7 8.
Nc3 e6 9. dxe6 Bxe6 10. d5 Bf5 11. Nge2 Bc5 12. Qa4 O-O 13. Qxd7 Nxd7 14. Bf4
c6 15. dxc6 bxc6 16. O-O-O Nb6 17. Ne4 Bxe4 18. fxe4 Nxc4 19. Nc3 Rfd8 20. b3
Be3+ 21. Bxe3 Nxe3 22. Rxd8+ Rxd8 23. g3 f5 24. h3 Rd3 25. Ne2 g5 26. Re1 Kf7
27. Kb1 Ng2 28. Rg1 Ne3 29. Rc1 Ke7 30. Rxc6 Nf1 31. Rxa6 Rd1+ 32. Nc1 Nxg3 33.
Ra4 Ne2 34. Rc4 h5 35. b4 Rxc1+ 36. Rxc1 Nxc1 37. b5 Kd6 38. Kxc1 g4 39. hxg4
h4 0-1

[Event "Madrid ch Veteranos 2018-2019"]
[Site "Madrid ESP"]
[Date "2019.01.11"]
[Round "5.13"]
[White "Largo Barbero, Benito"]
[Black "Barahona Torrijos, Angel"]
[Result "1-0"]
[WhiteElo "1872"]
[BlackElo "1735"]
[PlyCount "95"]
[EventDate "2019.01.07"]
[EventType "swiss"]
[EventRounds "9"]
[EventCountry "ESP"]
[SourceTitle "Ajedrez en Madrid"]
[Source "lmi"]
[SourceDate "2019.01.07"]
[SourceVersion "1"]
[SourceVersionDate "2019.01.22"]
[SourceQuality "1"]

1. d4 Nf6 2. Bg5 Ne4 3. Bh4 d5 4. f3 Nd6 5. Nc3 c6 6. e4 dxe4 7. fxe4 Qa5 8.
Qd2 Bg4 9. h3 Bh5 10. Nf3 Bxf3 11. gxf3 Qh5 12. Qf2 g6 13. Be2 Bh6 14. f4 Qa5
15. Bd3 Nb5 16. Bxb5 cxb5 17. Bxe7 Nc6 18. Bf6 O-O 19. d5 Rae8 20. O-O b4 21.
Ne2 Ne7 22. d6 Nc6 23. e5 Bg7 24. Bxg7 Kxg7 25. Nd4 Qd5 26. Rad1 Nxd4 27. Qxd4
Qe6 28. Rf3 a5 29. d7 Rd8 30. Rfd3 Kh6 31. Qe4 f6 32. Kg2 fxe5 33. Qxe5 Qc6+
34. Kg3 Rf5 35. Qxf5 gxf5 36. Rd6+ Qxd6 37. Rxd6+ Kg7 38. Kh4 Kf7 39. Kg5 Ke7
40. Rh6 Rh8 41. Kxf5 Kxd7 42. Ke5 Re8+ 43. Kd4 Re7 44. Rh5 b6 45. Rh6 Kc7 46.
f5 Rf7 47. Ke5 Re7+ 48. Re6 1-0

[Event "Madrid ch Veteranos 2018-2019"]
[Site "Madrid ESP"]
[Date "2019.01.11"]
[Round "5.14"]
[White "Bellagamba, Pascal"]
[Black "Camarero Izquierdo, Juan Carlos"]
[Result "0-1"]
[WhiteElo "1640"]
[BlackElo "1860"]
[PlyCount "78"]
[EventDate "2019.01.07"]
[EventType "swiss"]
[EventRounds "9"]
[EventCountry "ESP"]
[SourceTitle "Ajedrez en Madrid"]
[Source "lmi"]
[SourceDate "2019.01.07"]
[SourceVersion "1"]
[SourceVersionDate "2019.01.22"]
[SourceQuality "1"]

1. e4 c5 2. Nc3 d6 3. g3 e6 4. Bg2 Nc6 5. d3 Nf6 6. f4 a6 7. a4 Be7 8. Nf3 Qc7
9. O-O O-O 10. Bd2 Rb8 11. h3 b5 12. axb5 axb5 13. Kh2 b4 14. Ne2 Bb7 15. g4
Ra8 16. Rb1 c4 17. g5 cxd3 18. cxd3 Nh5 19. Nfd4 g6 20. Nxc6 Qxc6 21. Bxb4 Qb5
22. Bc3 Ba6 23. Rf3 d5 24. Bf1 Rfd8 25. Qe1 Qb8 26. e5 Ng7 27. d4 Bc4 28. Ng3
Bb3 29. Bd3 Rc8 30. Rf1 Bc4 31. Bxc4 Rxc4 32. h4 Ra2 33. Kh3 Bb4 34. Ra1 Rxb2
35. Bxb4 Rbxb4 36. Ra6 Rc8 37. Qa1 Rb3 38. Kg4 Nf5 39. Nxf5 exf5# 0-1